| 000 | 00859cab a2200265 4500 | ||
|---|---|---|---|
| 001 | WB3242-35 | ||
| 008 | 090401t1996 xxu||||| |||| 00| 0 eng d | ||
| 035 | _a(Sirsi) u44718 | ||
| 041 | _aeng | ||
| 245 | _aWhitehall IT revolution | ||
| 260 | _c1996 | ||
| 350 | _a0 | ||
| 490 |
_aFinancial Times _v7 November 1996, 12(1) |
||
| 520 | _aA Government green paper has urged a total overhaul of Whitehall`s use of information technology, creating the prospect of hundreds of pounds worth of private sector deals through the PFI. | ||
| 650 | _aACCESS TO INFORMATION | ||
| 650 | _aCOMPUTERS | ||
| 650 | _aGOVERNMENT DEPARTMENTS | ||
| 650 | _aPFI | ||
| 650 | _aPRIVATE FINANCE INITIATIVE | ||
| 650 | _aPRIVATE SECTOR | ||
| 650 | _aWHITEHALL | ||
| 690 | _aMANAGEMENT-BUSINESS MANAGEMENT-INFORMATION MANAGEMENT | ||
| 942 | _n0 | ||
| 948 | _c04/03/1997 | ||
| 999 |
_c28416 _d28416 |
||